[Event "TUR-chT 2nd League"]
[Site "Konya"]
[Date "2019.07.25"]
[Round "6.7"]
[White "Ilhan, Huseyin"]
[Black "Karatas, Kutay"]
[Result "1/2-1/2"]
[WhiteElo "1778"]
[BlackElo "1846"]
[PlyCount "38"]
[EventDate "2019.07.22"]
[EventType "team-swiss"]
[EventRounds "9"]
[EventCountry "TUR"]
[SourceTitle "CBM 191 Extra"]
[Source "ChessBase"]
[SourceDate "2019.09.30"]
[SourceVersion "1"]
[SourceVersionDate "2019.09.30"]
[SourceQuality "1"]
[WhiteTeam "Dogukisla Genclik Spor"]
[BlackTeam "Marmara Universitesi"]
[WhiteTeamCountry "TUR"]
[BlackTeamCountry "TUR"]

1. e4 c5 2. d4 cxd4 3. c3 g6 4. Nf3 Bg7 5. cxd4 d5 6. e5 Nh6 7. h3 0-0 8. Nc3 Nc6 9. g4 f6 10. exf6 exf6 11. Be2 Be6 12. Bf4 Nf7 13. 0-0 f5 14. g5 Nd6 15. Bb5 Ne4 16. Bxc6 bxc6 17. h4 Rb8 18. Na4 c5 19. dxc5 Rb4 1/2-1/2

[Event "TUR-chT 2nd League"]
[Site "Konya"]
[Date "2019.07.25"]
[Round "5.10"]
[White "Ugur, Cem"]
[Black "Karatas, Kutay"]
[Result "0-1"]
[WhiteElo "1623"]
[BlackElo "1846"]
[PlyCount "112"]
[EventDate "2019.07.22"]
[EventType "team-swiss"]
[EventRounds "9"]
[EventCountry "TUR"]
[SourceTitle "CBM 191 Extra"]
[Source "ChessBase"]
[SourceDate "2019.09.30"]
[SourceVersion "1"]
[SourceVersionDate "2019.09.30"]
[SourceQuality "1"]
[WhiteTeam "Cesme Belediye"]
[BlackTeam "Marmara Universitesi"]
[WhiteTeamCountry "TUR"]
[BlackTeamCountry "TUR"]

1. e4 c5 2. Nf3 g6 3. d4 Bg7 4. Nc3 cxd4 5. Nxd4 Nc6 6. Be3 Nf6 7. Bc4 0-0 8. Bb3 d6 9. f3 Nxd4 10. Bxd4 Be6 11. 0-0 Bxb3 12. cxb3 Qd7 13. Qd3 Rfc8 14. Rfd1 Rc6 15. Qe3 b6 16. e5 Ne8 17. exd6 Rxd6 18. Bxg7 Kxg7 19. Rxd6 Nxd6 20. Rd1 Rd8 21. Nd5 Nf5 22. Qc3+ f6 23. Ne3 Nd4 24. Kf2 e5 25. Rc1 Nb5 26. Qc2 Qd2+ 27. Qxd2 Rxd2+ 28. Kg3 Rxb2 29. a4 Rxb3 30. Nd5 Rd3 31. Nxf6 Nd4 32. Ne8+ Kf7 33. Rc8 Ne6 34. Rc6 Nd8 35. Rd6 Rxd6 36. Nxd6+ Ke6 37. Nb5 Nc6 38. Kg4 h6 39. h4 Kf6 40. h5 g5 41. Kg3 e4 42. fxe4 Ke5 43. Kf3 a6 44. Nc7 Nd4+ 45. Ke3 b5 46. axb5 axb5 47. Nd5 g4 48. Nb4 Ne6 49. Nd3+ Kf6 50. e5+ Kf5 51. Nf2 Ng7 52. Kd4 Nxh5 53. Ne4 b4 54. Kd5 b3 55. Nd2 b2 56. e6 Kf6 0-1

[Event "TUR-chT 2nd League"]
[Site "Konya"]
[Date "2019.07.23"]
[Round "2.10"]
[White "Karatas, Kutay"]
[Black "Altay, Kerim Baturay"]
[Result "1-0"]
[WhiteElo "1846"]
[BlackElo "1303"]
[PlyCount "24"]
[EventDate "2019.07.22"]
[EventType "team-swiss"]
[EventRounds "9"]
[EventCountry "TUR"]
[SourceTitle "CBM 191 Extra"]
[Source "ChessBase"]
[SourceDate "2019.09.30"]
[SourceVersion "1"]
[SourceVersionDate "2019.09.30"]
[SourceQuality "1"]
[WhiteTeam "Marmara Universitesi"]
[BlackTeam "Yalova Altinkale"]
[WhiteTeamCountry "TUR"]
[BlackTeamCountry "TUR"]

1. e4 e5 2. Nf3 Nc6 3. d4 exd4 4. Bc4 Nf6 5. 0-0 Bc5 6. e5 d5 7. exf6 dxc4 8. fxg7 Rg8 9. Bh6 Qd6 10. Nbd2 Qd5 11. Ne4 Be7 12. Re1 Be6 1-0

[Event "TUR-chT 1st League"]
[Site "Konya"]
[Date "2018.07.19"]
[Round "6.8"]
[White "Karatas, Kutay"]
[Black "Ozen, Batuhan"]
[Result "0-1"]
[WhiteElo "2021"]
[BlackElo "2144"]
[PlyCount "73"]
[EventDate "2018.07.16"]
[EventType "team-swiss"]
[EventRounds "9"]
[EventCountry "TUR"]
[SourceTitle "EXT 2019"]
[Source "ChessBase"]
[SourceDate "2018.10.10"]
[SourceVersion "1"]
[SourceVersionDate "2018.10.10"]
[SourceQuality "1"]
[WhiteTeam "Boranlar Mersin Toyota"]
[BlackTeam "DCM Pamukkale Universiteli"]
[WhiteTeamCountry "TUR"]
[BlackTeamCountry "TUR"]

1. e4 g6 2. d4 Bg7 3. Nc3 d6 4. f4 Nf6 5. Nf3 0-0 6. Bd3 Nc6 7. Be3 Ng4 8. Bg1 e5 9. dxe5 dxe5 10. h3 Nf6 11. fxe5 Nd7 12. e6 fxe6 13. Qd2 Nde5 14. Nxe5 Nxe5 15. 0-0-0 Bd7 16. Bc5 Rf7 17. h4 h6 18. Be2 Qe8 19. Be3 Kh7 20. Kb1 Bc6 21. Rh3 b5 22. Bf3 Nc4 23. Qe2 Nxb2 24. Kxb2 b4 25. Bd4 bxc3+ 26. Kxc3 Bb5 27. Qe3 Qc6+ 28. Kb2 e5 29. Bc5 Bc4 30. h5 g5 31. Ka1 Rb8 32. Bg4 Rb5 33. Ba3 Ra5 34. Qc3 Rxa3 35. Qxa3 Qxe4 36. Bf3 Qxc2 37. Qb2 0-1

[Event "TUR-chT2"]
[Site "Konya"]
[Date "2017.07.11"]
[Round "4.2"]
[White "Oflaz, Huseyin"]
[Black "Karatas, Kutay"]
[Result "0-1"]
[WhiteElo "1346"]
[BlackElo "1879"]
[PlyCount "54"]
[EventDate "2017.07.09"]
[EventType "team-swiss"]
[EventRounds "9"]
[EventCountry "TUR"]
[SourceTitle "CBM 179 Extra"]
[Source "ChessBase"]
[SourceDate "2017.08.23"]
[SourceVersion "1"]
[SourceVersionDate "2017.08.23"]
[SourceQuality "1"]
[WhiteTeam "Selcuklu Belediyesi"]
[BlackTeam "Marmara Universitesi"]
[WhiteTeamCountry "TUR"]
[BlackTeamCountry "TUR"]

1. d4 Nf6 2. c4 c5 3. e3 g6 4. Nc3 cxd4 5. exd4 Bg7 6. Nf3 0-0 7. Be2 d5 8. h3 dxc4 9. Bxc4 b6 10. Bf4 Bb7 11. d5 Nbd7 12. 0-0 Rc8 13. Qd3 Nc5 14. Qd2 Nce4 15. Nxe4 Nxe4 16. Qe2 Bxd5 17. Bxd5 Qxd5 18. Rfe1 f5 19. Ng5 Nxg5 20. Bxg5 e5 21. b3 f4 22. Be7 Rfe8 23. Ba3 e4 24. Rad1 Qg5 25. Bd6 Bc3 26. Rf1 f3 27. h4 Qxg2# 0-1

[Event "TUR-ch U20"]
[Site "Canakkale"]
[Date "2016.06.30"]
[Round "5"]
[White "Karatas, Kutay"]
[Black "Kocyigit, Buse Naz"]
[Result "0-1"]
[WhiteElo "1694"]
[BlackElo "1628"]
[PlyCount "108"]
[EventDate "2016.06.27"]
[EventType "swiss"]
[EventRounds "9"]
[EventCountry "TUR"]
[SourceTitle "CBM 173 Extra"]
[Source "ChessBase"]
[SourceDate "2016.08.29"]
[SourceVersion "1"]
[SourceVersionDate "2016.08.29"]
[SourceQuality "1"]

1. e4 d6 2. d4 Nf6 3. Nc3 g6 4. f4 Bg7 5. Nf3 0-0 6. Bd3 c6 7. a4 Nbd7 8. e5 dxe5 9. fxe5 Nd5 10. Nxd5 cxd5 11. 0-0 a5 12. c3 Nb6 13. Ng5 h6 14. Nxf7 Rxf7 15. Rxf7 Kxf7 16. Qf3+ Kg8 17. Bxg6 Qf8 18. Qh5 Bd7 19. Be3 Nc4 20. Bg5 Bf5 21. Bxh6 Bxg6 22. Qxg6 Qf7 23. Qg3 Rf8 24. b3 Nb6 25. h3 Kh7 26. Bg5 Nc8 27. Re1 e6 28. Qh4+ Kg8 29. Re3 Qg6 30. Bf6 Kf7 31. Rf3 Ke8 32. Qf2 Bxf6 33. exf6 Nd6 34. Qh4 Nf5 35. Qf4 Kd7 36. Kf2 Nd6 37. Kg1 Ne4 38. Qh4 Rxf6 39. Rxf6 Qxf6 40. Qe1 Qf4 41. b4 Qd2 42. Qxd2 Nxd2 43. bxa5 Ne4 44. Kf1 Nxc3 45. g4 Nxa4 46. h4 Ke7 47. Kf2 Nb2 48. Ke2 Nc4 49. Kd3 Nxa5 50. Kc3 Nc6 51. g5 Kf7 52. h5 Ne7 53. Kb4 Nf5 54. Kc5 Ng3 0-1

[Event "TUR-ch U20"]
[Site "Canakkale"]
[Date "2016.06.28"]
[Round "2"]
[White "Sari, Yasin"]
[Black "Karatas, Kutay"]
[Result "1-0"]
[WhiteElo "2120"]
[BlackElo "1694"]
[PlyCount "85"]
[EventDate "2016.06.27"]
[EventType "swiss"]
[EventRounds "9"]
[EventCountry "TUR"]
[SourceTitle "CBM 173 Extra"]
[Source "ChessBase"]
[SourceDate "2016.08.29"]
[SourceVersion "1"]
[SourceVersionDate "2016.08.29"]
[SourceQuality "1"]

1. e4 c5 2. Nf3 g6 3. d4 cxd4 4. Nxd4 Bg7 5. c4 Nc6 6. Be3 Nf6 7. Nc3 Nxd4 8. Bxd4 d6 9. Be2 Bd7 10. 0-0 0-0 11. Qd2 Bc6 12. f3 Nd7 13. Be3 a5 14. b3 Nc5 15. Rab1 Qc7 16. Rfc1 f5 17. Nd5 Bxd5 18. exd5 b6 19. Bd1 e5 20. dxe6 Rae8 21. a3 Rxe6 22. Bc2 Rfe8 23. Re1 Kh8 24. b4 axb4 25. axb4 Nd7 26. Bb3 R6e7 27. Bg5 Bf6 28. Rxe7 Rxe7 29. Bxf6+ Nxf6 30. Qd4 Kg7 31. Rd1 Re2 32. Qxd6 Qxd6 33. Rxd6 Rb2 34. Rd3 Rb1+ 35. Kf2 Rb2+ 36. Ke3 Kf8 37. c5 bxc5 38. bxc5 Ke7 39. c6 Rb1 40. Rc3 Kd8 41. c7+ Kc8 42. Be6+ Nd7 43. Bxd7+ 1-0